000 00822cam a2200253 a 4500
001 17341761
005 20170310111922.0
008 120611s2015 enka b 001 0 eng
020 _a9780754674856 (hbk. : alk. paper)
020 _a9780754674863 (pbk. : alk. paper)
040 _cPK-LaUM
082 0 0 _a712
_223
_bBLA-I
100 1 _aBlake, Bartholomew James
245 1 3 _aAn introduction to landscape and garden design /
_cJames Blake
250 _a2nd ed.
260 _aSurrey, England :
_aBurlington, VT :
_bAshgate,
_c2015
300 _axii, 423 p. :
_bill. ;
_c26 cm.
500 _aRev. ed. of: An introduction to landscape design and construction. c1999.
650 0 _aLandscape design.
650 0 _aLandscape architecture.
650 0 _aBuilding.
700 1 _aBlake, Bartholomew James,
942 _cBK
999 _c91598
_d91598